02031cam a22004094i 4500003000900000005001700009008004100026020001800067035002000085040003300105082001800138245009800156264002800254300005600282336002100338337002500359338002300384490006000407504004800467504003300515505087200548526001001420526001001430526001001440526001001450526000801460526000801468526000801476526000801484526000801492526000801500526000801508650001401516650001301530700003901543700003901582PE-LiUPU20250731173053.0150706s2014 en a rb 000 0 eng d a9789004255272 a(Sirsi) a241445 aPE-LiUPUbspacPE-LiUPUerda04a274.3bT422202aA companion to the reformation in Central Europe /cedited by Howard Louthan, Graeme Murdock. 1aLeiden :bBrill,c2014. a484 páginas :bilustraciones ;c24 centímetros. atext2rdacontent aunmediated2rdamedia avolume2rdacarrier0 aBrill´s Commpanions to the Crhristian Tradition ; v61 aBibliografia :después de cada cápitulo. aÍndice :páginas 475-484.0 aThe lands of the Bohemian Crown: conflict, coexistence, and the quest for the true church -- The polish-lithuanian commonwealth -- The Austrian Lands -- The kingdom of Hungary and principality of Transylvania -- Reform before reform? Religious currents in Central Europe -- Protestant reformers: Johannes Honterus, Primus truber, and Johannes a Lasco -- Antitrinitarianism -- Catholic reformers: Stanislas Hosius, Melchior Khalesl, and Péter Pázmány -- Orthodox reform in the Polish-Lithuanian commonwealth -- Communities and communication -- Social and moral discipline -- The town and the reformation as an event -- Nobles: between religious compromise and revolt -- The monarch and court in the Habsburg Land -- Education: the polish - lithuanian commonwealth -- Bibles and books: Bohemia and Hungary -- Visual cultures -- Tolerance and intolerance -- Index. aSEG42 aSEG41 aSEG40 aSEG39 aP94 aP87 aP86 aP85 aP77 aP76 aP3504aReformas.04aReforms.1 aLouthan, Howard,d1963- ,eeditor.1 aMurdock, Graeme,d1970- ,eeditor.